1229 1838 1166 1229 1820 1214 1051 1841 1107 1258 1928 1059 1608 1866 1103 1194 1435 1494 1479 1126 1295 1564 1198 1708 1695 1849 1375 1299 1392 1327 1352 1828 1553 1388 1045 1330 1856 1688 1299 1360 1363 1615 1116 1722 1079 1004 1570 1218 1154 1154 1122 1542 1378 1033 1626 1671 1603 1728 1200 1228 1499 1711 1064 1192 1537 1419 1830 1639 1191 1886 1066 1807 1843 1388 1986 1323 1848 1554 1965 1131 1091 1161 1512 1129 1472 1520 1571 1207 1862 1457 1211 1331 1815 1972 1630 1280 1654 1643 1242 BCNSPRNW ULIB Ver.6.0+V

เปลี่ยนเป็นภาษาไทย

Change to English
 แสดงรายละเอียดบรรณานุกรม
  กลับหน้าหลัก

Brief Record : Get Marc (ISO 2709) : E-mail record : QR code < ปิดหน้าต่าง
LEADER : 00000nam 2200000uu 4500
001    13399129015
003     ULIB
008    250515s2567||||th 000 0 tha d
020    ^a9743293949
060  4 ^aQY4^bช271ก
100 0  ^aชวนพิศ วงศ์สามัญ.
245 1  ^aการตรวจทางห้องปฏิบัติการและการพยาบาล /^cชวนพิศ วงศ์สามัญ, กล้าเผชิญ โชคบำรุง.
250    ^aพิมพ์ครั้งที่ 29.
260    ^aขอนแก่น :^bภาควิชาพื้นฐานการพยาบาล คณะพยาบาลศาสตร์ มหาวิทยาลัยขอนแก่น,^c2567.
300    ^a281 หน้า ;^c21 ซม.
490 1  ^aโครงการตำรา มหาวิทยาลัยขอนแก่น
505 2  ^aการเก็บส่งส่งตรวจ -- การตรวจเกี่ยวกับเลือด -- การตรวจวิเคราะห์ปัสสาวะ -- การตรวจอุจจาระ -- การตรวจเกี่ยวกับอิเล็กโทรไลต์ -- การตรวจการทำงานของไต --การตรวจการทำงานของระบบทางเดินทางอาหาร -- การตรวจการทำงานของระบบทางเดินหายใจ หัวใจและหลอดเลือด -- การตรวจการทำงานของระบบสืบพันธุ์ -- การตรวจการทำงานของต่อมไร้ท่อ -- การตรวจเกี่ยวกับภูมิแพ้ -- การตรวจสิ่งส่งตรวจอื่น ๆ.
505 2  ^aบทที่ 1 การเก็บสิ่งส่งตรวจ -- บทที่ 2 การตรวจเกี่ยวกับเลือด -- บทที่ 3 การตรวจวิเคราะห์ปัสสาวะ -- บทที่ 4 การตรวจอุจจาระ -- บทที่ 5 การตรวจเกี่ยวกับอิเล็กโทรไลต์ -- บทที่ 6 การตรวจการทำงานของไต -- บทที่ 7 การตรวจการทำงานของระบบทางเดินอาหาร -- บทที่ 8 การตรวจการทำงานของระบบทางเดินหายใจ หัวใจและหลอดเลือด -- บทที่ 9 การตรวจการทำงานของระบบสืบพันธุ์ -- บทที่ 10 การตรวจการทำงานของต่อมไร้ท่อ -- บทที่ 11 การตรวจเกี่ยวกับภูมิแพ้ -- บทที่ 12 การตรวจสิ่งส่งตรวจอื่นๆ.
650  4 ^aการพยาบาล.
650  4 ^aการวิจัยโรคทางห้องปฏิบัติการ
650  7 ^aการวินิจฉัยโรคของห้องปฏิบัติการ
650  7 ^aการวินิจฉัยโรคทางห้องปฏิบัติการ
650  7 ^aการส่งตัวอย่าง
650 0   ^aการวินิจฉัยโรค^xการพยาบาล
650 0   ^aห้องปฏิบัติการ^xการพยาบาล
700 0  ^aกล้าเผชิญ โชคบำรุง.
710 2  ^aมหาวิทยาลัยขอนแก่น.^bคณะพยาบาลศาสตร์ ภาควิชาพื้นฐานการพยาบาล.
945    ^p150^l0^i011423
945    ^p150^l0^i011424
945    ^p150^l0^i011425
945    ^p150^l0^i011426
945    ^p150^l0^i011427
945    ^p150^l0^i011428
945    ^p150^l0^i011432
945    ^p150^l0^i011433
945    ^p150^l0^i011434
945    ^p150^l0^i011435
999    ^aประนอม เกษจรัล
รายการนี้ยังไม่มีแท็ก
คุณยังไม่ได้ล็อกอิน คุณสามารถมีกิจกรรมร่วมกับเว็บไซต์ได้ แต่ต้องล็อกอินก่อน ::
  ล็อกอิน

รายการสื่อสารสนเทศ

ลำดับที่ ประเภท เลขเรียก/บาร์โค้ด สถานที่ สถานะ
1. วิทยาศาสตร์การแพทย์ และสุขภาพ
หนังสือสำรอง
สถานะ=หนังสือสำรอง
QY4 ช271ก ฉ.1 
  Barcode: 011423
ห้องสมุดวิทยาเขตสวรรค์ประชารักษ์
►หนังสือทั่วไป
บนชั้น
2. วิทยาศาสตร์การแพทย์ และสุขภาพ
วิทยาศาสตร์การแพทย์ และสุขภาพ
QY4 ช271ก ฉ.10 
  Barcode: 011435
ห้องสมุดวิทยาเขตสวรรค์ประชารักษ์
►หนังสือทั่วไป
บนชั้น
3. วิทยาศาสตร์การแพทย์ และสุขภาพ
วิทยาศาสตร์การแพทย์ และสุขภาพ
QY4 ช271ก ฉ.2 
  Barcode: 011424
ห้องสมุดวิทยาเขตสวรรค์ประชารักษ์
►หนังสือทั่วไป
บนชั้น
4. วิทยาศาสตร์การแพทย์ และสุขภาพ
วิทยาศาสตร์การแพทย์ และสุขภาพ
QY4 ช271ก ฉ.3 
  Barcode: 011425
ห้องสมุดวิทยาเขตสวรรค์ประชารักษ์
►หนังสือทั่วไป
บนชั้น
5. วิทยาศาสตร์การแพทย์ และสุขภาพ
วิทยาศาสตร์การแพทย์ และสุขภาพ
QY4 ช271ก ฉ.4 
  Barcode: 011426
ห้องสมุดวิทยาเขตสวรรค์ประชารักษ์
►หนังสือทั่วไป
บนชั้น
6. วิทยาศาสตร์การแพทย์ และสุขภาพ
วิทยาศาสตร์การแพทย์ และสุขภาพ
QY4 ช271ก ฉ.5 
  Barcode: 011427
ห้องสมุดวิทยาเขตสวรรค์ประชารักษ์
►หนังสือทั่วไป
บนชั้น
7. วิทยาศาสตร์การแพทย์ และสุขภาพ
วิทยาศาสตร์การแพทย์ และสุขภาพ
QY4 ช271ก ฉ.6 
  Barcode: 011428
ห้องสมุดวิทยาเขตสวรรค์ประชารักษ์
►หนังสือทั่วไป
บนชั้น
8. วิทยาศาสตร์การแพทย์ และสุขภาพ
วิทยาศาสตร์การแพทย์ และสุขภาพ
QY4 ช271ก ฉ.7 
  Barcode: 011432
ห้องสมุดวิทยาเขตสวรรค์ประชารักษ์
►หนังสือทั่วไป
บนชั้น
9. วิทยาศาสตร์การแพทย์ และสุขภาพ
วิทยาศาสตร์การแพทย์ และสุขภาพ
QY4 ช271ก ฉ.8 
  Barcode: 011433
ห้องสมุดวิทยาเขตสวรรค์ประชารักษ์
►หนังสือทั่วไป
บนชั้น
10. วิทยาศาสตร์การแพทย์ และสุขภาพ
วิทยาศาสตร์การแพทย์ และสุขภาพ
QY4 ช271ก ฉ.9 
  Barcode: 011434
ห้องสมุดวิทยาเขตสวรรค์ประชารักษ์
►หนังสือทั่วไป
บนชั้น

รายการใกล้เคียง
    หัวเรื่อง [การพยาบาล.]
    หัวเรื่อง [การวินิจฉัยโรคทางห้องปฏิบัติการ]
    หัวเรื่อง [การส่งตัวอย่าง]

BibComment


ยังไม่เคยถูกคอมเมนท์

คอมเมนท์ทรัพยากรรายการนี้
  คอมเมนท์: การตรวจทางห้องปฏ..


 Copyright 2026. Bcnsprnw @Library